কাব্যজিজ্ঞাসা / (Record no. 54091)
[ view plain ]
| 000 -LEADER | |
|---|---|
| fixed length control field | 00896nam a2200229 a 4500 |
| 001 - CONTROL NUMBER | |
| control field | 54091 |
| 003 - CONTROL NUMBER IDENTIFIER | |
| rucl marc code | BD-RjUL |
| 005 - DATE AND TIME OF LATEST TRANSACTION | |
| control field | 20211209080054.0 |
| 008 - FIXED-LENGTH DATA ELEMENTS--GENERAL INFORMATION | |
| fixed length control field | 161101s1973 ii ||||| |||| 00| 0 ben d |
| 035 ## - SYSTEM CONTROL NUMBER | |
| System control number | (BD-RjUL)54213 |
| 040 ## - CATALOGING SOURCE | |
| Original cataloging agency | BD-RjUL |
| Language of cataloging | ben |
| Transcribing agency | BD-RjUL |
| 041 ## - LANGUAGE CODE | |
| Language code of text/sound track or separate title | ben |
| 082 ## - DEWEY DECIMAL CLASSIFICATION NUMBER | |
| Edition number | 23 |
| Classification number | 891.44109 |
| Author mark and year | GUK 1973 |
| 100 ## - MAIN ENTRY--PERSONAL NAME | |
| Personal name | গুপ্ত, অতুলচন্দ্র |
| 9 (RLIN) | 161499 |
| 245 10 - TITLE STATEMENT | |
| Title | কাব্যজিজ্ঞাসা / |
| Statement of responsibility, etc. | অতুলচন্দ্র গুপ্ত |
| 250 ## - EDITION STATEMENT | |
| Edition statement | ৩য় সং. |
| 260 ## - PUBLICATION, DISTRIBUTION, ETC. (IMPRINT) | |
| Place of publication, distribution, etc. | কলিকাতা |
| Name of publisher, distributor, etc. | বিশ্বভারতী |
| Date of publication, distribution, etc. | ১৯৭৩ [মুদ্রণ ২০০৫] |
| 300 ## - PHYSICAL DESCRIPTION | |
| Pagination | ৮০ পৃ. ; |
| Size | ২১ সেমি. |
| 650 ## - SUBJECT ADDED ENTRY--TOPICAL TERM | |
| Topical term or geographic name as entry element | বাংলা কবিতা |
| General subdivision | ইতিহাস ও সমালোচনা |
| 9 (RLIN) | 161500 |
| Topical term or geographic name as entry element | Bengali Poetry |
| General subdivision | History & Criticism |
| 9 (RLIN) | 121573 |
| 942 ## - ADDED ENTRY ELEMENTS (KOHA) | |
| Source of classification or shelving scheme | Dewey Decimal Classification |
| Koha item type | Books |
| Lost status | Source of classification or shelving scheme | Damaged status | Not for loan | Collection code | Permanent Location | Current Location | Shelving location | Date acquired | Source of acquisition | Cost, normal purchase price | Total Checkouts | Full call number | Date last seen | Date checked out | Copy number | Koha item type |
|---|---|---|---|---|---|---|---|---|---|---|---|---|---|---|---|---|
| Dewey Decimal Classification | Non-fiction | Central Library, University of Rajshahi | Central Library, University of Rajshahi | 23/08/1977 | Boighor | 5.22 | 1 | B 891.44109 GUK 1973 | 22/09/2024 | 19/09/2024 | C-2 | Books | ||||
| Dewey Decimal Classification | Non-fiction | Central Library, University of Rajshahi | Central Library, University of Rajshahi | 14/05/2008 | Paragon Enterprises Dhaka | 35.00 | B 891.44109 GUK 2005 | 01/11/2016 | C-3 | Books | ||||||
| Dewey Decimal Classification | Non-fiction | Central Library, University of Rajshahi | Central Library, University of Rajshahi | 23/04/1977 | Boighor. | 6.25 | B 891.44109 GUK 1973 | 28/11/2016 | C-4 | Books | ||||||
| Dewey Decimal Classification | Not For Loan | Non-fiction | Central Library, University of Rajshahi | Central Library, University of Rajshahi | Reading Room | 23/04/1977 | Boighor | 6.25 | B 891.44109 GUK 1974 | 15/02/2017 | C-1 | Books |